000 00514nam a2200181Ia 4500
005 20250326124041.0
008 250326s9999 xx 000 0 und d
037 _aTextbook
040 _aFMSL
_beng
_cFMSL
041 _aeng
_2eng
084 _aX.4431N33 L8
_qFMSL
100 _aGordon A D D
_9262222
245 0 _aBusinessman and politics
_cGordon A D D
260 _aNew Delhi
_bNew Delhi, South Asia Books
_c1978
300 _a323p
942 _cTB
_hX.4431N33 L8
999 _c1272055
_d1272055